Жизнь животных Брэма (Запись № 5489860)
[ простой вид ]
| 000 -МАРКЕР | |
|---|---|
| контрольное поле | 01870nam1a22003251i 4500 |
| 001 - ИДЕНТИФИКАТОР ЗАПИСИ | |
| контрольное поле | v19\rc\1683865 |
| 005 - ИДЕНТИФИКАТОР ВЕРСИИ | |
| контрольное поле | 20260407065437.0 |
| 035 ## - ДРУГИЕ СИСТЕМНЫЕ НОМЕРА | |
| Идентификатор записи | (NLR Aleph) 005219394 |
| 100 ## - ДАННЫЕ ОБЩЕЙ ОБРАБОТКИ | |
| Данные общей обработки | 20061002d1896 |||y0rusy50 ca |
| 101 1# - ЯЗЫК РЕСУРСА | |
| Язык текста, звукозаписи и т.д. | русский |
| Язык оригинала | немецкий |
| 102 ## - СТРАНА ПУБЛИКАЦИИ ИЛИ ПРОИЗВОДСТВА | |
| Страна публикации | Российская Федерация |
| 105 ## - ПОЛЕ КОДИРОВАННЫХ ДАННЫХ: ТЕКСТОВЫЕ МАТЕРИАЛЫ, МОНОГРАФИЧЕСКИЕ | |
| Кодированные данные о монографическом текстовом документе | z ||||| |
| 200 1# - ЗАГЛАВИЕ И СВЕДЕНИЯ ОБ ОТВЕТСТВЕННОСТИ | |
| Основное заглавие | Жизнь животных Брэма |
| Сведения, относящиеся к заглавию | [Сокр. изд. для шк. и дом. чтения] |
| -- | Полн. пер. со 2-го нем. изд., вновь обраб. Рихардом Шмидтлейном для шк. и домаш. чтения, под ред. проф. Спб. ун-та А.С. Догеля (с 401 с.) и П.Ф. Лесгафта (до 160 с.) |
| Первые сведения об ответственности | С 10 хромолит., 16 черн. табл. и 221 рис. в тексте, исполн. Л. Бекманом, В. Кампгаузеном, А. Кречмером ... [и др.] |
| 210 ## - ПУБЛИКАЦИЯ, РАСПРОСТРАНЕНИЕ И ДР. | |
| Место издания, распространения и т.д. | Санкт-Петербург |
| Имя издателя, распространителя и т. д. | Просвещение |
| Дата издания, распространения и т.д. | 1896 |
| 215 ## - ФИЗИЧЕСКАЯ ХАРАКТЕРИСТИКА | |
| Специфическое обозначение материала и объем | 3 т. |
| Размеры | 26 |
| 225 1# - СЕРИЯ | |
| Основное заглавие серии | Вся природа |
| 700 #1 - ИМЯ ЛИЦА - ПЕРВИЧНАЯ ОТВЕТСТВЕННОСТЬ | |
| Материалы, к которым относится поле | rus |
| Графика поля | Кириллица |
| Начальный элемент ввода | Брем |
| Часть имени, кроме начального элемента ввода | А. Э. |
| Даты | 1829-1884 |
| Расширение инициалов личного имени | Альфред Эдмунд |
| Идентификатор авторитетной/нормативной записи | RU\NLR\AUTH\7716106 |
| Системный номер авторитетной/нормативной записи | 125748 |
| 702 #1 - ИМЯ ЛИЦА - ВТОРИЧНАЯ ОТВЕТСТВЕННОСТЬ | |
| Начальный элемент ввода | Шмидтлейн |
| Часть имени, кроме начального элемента ввода | Р. |
| Расширение инициалов личного имени | Рихард |
| Код отношения | Прочие |
| 702 #1 - ИМЯ ЛИЦА - ВТОРИЧНАЯ ОТВЕТСТВЕННОСТЬ | |
| Код отношения | Редактор |
| Материалы, к которым относится поле | rus |
| Графика поля | Кириллица |
| Начальный элемент ввода | Догель |
| Часть имени, кроме начального элемента ввода | А. С. |
| Даты | 1852-1922 |
| Расширение инициалов личного имени | Александр Станиславович |
| Идентификатор авторитетной/нормативной записи | RU\NLR\AUTH\7792907 |
| Системный номер авторитетной/нормативной записи | 75833 |
| 702 #1 - ИМЯ ЛИЦА - ВТОРИЧНАЯ ОТВЕТСТВЕННОСТЬ | |
| Код отношения | Редактор |
| Материалы, к которым относится поле | rus |
| Графика поля | Кириллица |
| Начальный элемент ввода | Лесгафт |
| Часть имени, кроме начального элемента ввода | П. Ф. |
| Даты | 1837-1909 |
| Расширение инициалов личного имени | Петр Францевич |
| Идентификатор авторитетной/нормативной записи | RU\NLR\AUTH\77114222 |
| Системный номер авторитетной/нормативной записи | 97147 |
| 702 #1 - ИМЯ ЛИЦА - ВТОРИЧНАЯ ОТВЕТСТВЕННОСТЬ | |
| Начальный элемент ввода | Бекман |
| Часть имени, кроме начального элемента ввода | Л. |
| Даты | 1822-1902 |
| Расширение инициалов личного имени | Людвиг |
| Код отношения | Иллюстратор |
| 702 #1 - ИМЯ ЛИЦА - ВТОРИЧНАЯ ОТВЕТСТВЕННОСТЬ | |
| Начальный элемент ввода | Кампгаузен |
| Часть имени, кроме начального элемента ввода | В. |
| Код отношения | Иллюстратор |
| 702 #1 - ИМЯ ЛИЦА - ВТОРИЧНАЯ ОТВЕТСТВЕННОСТЬ | |
| Код отношения | Иллюстратор |
| Материалы, к которым относится поле | rus |
| Графика поля | Кириллица |
| Начальный элемент ввода | Кречмер |
| Часть имени, кроме начального элемента ввода | Р. |
| Даты | 1818-1872 |
| Расширение инициалов личного имени | Роберт |
| Идентификатор авторитетной/нормативной записи | RU\NLR\AUTH\77114753 |
| Системный номер авторитетной/нормативной записи | 97678 |
| 801 #0 - ИСТОЧНИК ЗАПИСИ | |
| Страна | Российская Федерация |
| Организация | NLR |
| Дата составления | 20061002 |
| Правила каталогизации | psbo |
| 801 #0 - ИСТОЧНИК ЗАПИСИ | |
| Страна | Российская Федерация |
| Организация | RuMoRGB |
| Дата составления | 20061002 |
| Источник данных | psbo |
| 801 #1 - ИСТОЧНИК ЗАПИСИ | |
| Страна | Российская Федерация |
| Организация | ProSoft-M |
| Дата составления | 20061002 |
| Источник данных | rusmarc |
| 801 #2 - ИСТОЧНИК ЗАПИСИ | |
| Страна | Российская Федерация |
| Организация | NLR |
| Дата составления | 20070124 |
| Источник данных | rusmarc |
| 852 ## - МЕСТОНАХОЖДЕНИЕ И ШИФР ХРАНЕНИЯ | |
| Идентификатор организации | NLR |
| Шифр хранения (Call Number) | З-02/Б-7/6 |
| 942 ## - ДОПОЛНИТЕЛЬНЫЕ ЭЛЕМЕНТЫ ЗАПИСИ (АБИС) | |
| Тип экземпляра АБИС | Книга |
Нет доступных экземпляров.